| 000 | 00623nam a2200205 a 4500 | ||
|---|---|---|---|
| 003 | OSt | ||
| 005 | 20140311163006.0 | ||
| 008 | 040823s19uu xx 00 eng d | ||
| 020 | _a020527093x | ||
| 050 |
_aP 96.T42 _b.P38 1998 |
||
| 100 |
_aPavlik, John V. _930679 |
||
| 245 |
_aNew media technology: _bcultural and commercial perspectives. _cJohn V. Pavlik |
||
| 250 | _a2nd. ed. | ||
| 260 |
_aBoston : _bAllyn & Bacon, _c1998. |
||
| 300 |
_a400 p.: _bill. ; _c25 cm. |
||
| 500 | _aIncludes bibliography and index. | ||
| 650 |
_aMass media _xTechnological innovations. _930680 |
||
| 942 |
_cBK _2lcc _kFOR |
||
| 999 |
_c39315 _d39315 |
||